Encyclopedia of agrochemicals. Vol.2

Gorde:
Xehetasun bibliografikoak
Egile nagusia: Jack R. Plimmer
Formatua: Liburua
Hizkuntza:Undetermined
Argitaratua: New Jersey Wiley 2003
Etiketak: Etiketa erantsi
Etiketarik gabe, Izan zaitez lehena erregistro honi etiketa jartzen!
Thư viện lưu trữ: Trung tâm Học liệu Trường Đại học Cần Thơ
LEADER 00455nam a2200157Ia 4500
001 CTU_74953
008 210402s9999 xx 000 0 und d
082 |a 631.8 
082 |b P728/Vol.2 
100 |a Jack R. Plimmer 
245 0 |a Encyclopedia of agrochemicals. Vol.2 
245 0 |c Jack R. Plimmer, Derek W.Gammon, Nancy N. Ragsdale 
260 |a New Jersey 
260 |b Wiley 
260 |c 2003 
980 |a Trung tâm Học liệu Trường Đại học Cần Thơ